Lecciones dogmáticas adaptadas al programa oficial para el segundo curso de enseñanza religiosa universitaria / (Record no. 60888)

MARC details
000 -LEADER
campo de control de longitud fija 00632nam a2200181 i 4500
001 - NÚMERO DE CONTROL
campo de control 60888
003 - IDENTIFICADOR DE NÚMERO DE CONTROL
campo de control ES-MaACL
005 - FECHA Y HORA DE LA ÚLTIMA TRANSACCIÓN
campo de control 20240208163313.0
007 - CAMPO FIJO DE DESCRIPCIÓN FÍSICA--INFORMACIÓN GENERAL
campo de control de longitud fija t|
008 - DATOS DE LONGITUD FIJA--INFORMACIÓN GENERAL
campo de control de longitud fija 031107q1947 sp ||||1| spa d
100 1# - ENTRADA PRINCIPAL--NOMBRE DE PERSONA
Nombre de persona Estella Zalaya, Eduardo.
9 (RLIN) 48098
245 10 - MENCIÓN DEL TÍTULO
Título Lecciones dogmáticas adaptadas al programa oficial para el segundo curso de enseñanza religiosa universitaria /
Mención de responsabilidad, etc. por Eduardo Estella Zalaya.
260 ## - PUBLICACIÓN, DISTRIBUCIÓN, ETC.
Lugar de publicación, distribución, etc. Zaragoza :
Nombre del editor, distribuidor, etc. Universidad de Zaragoza,
Fecha de publicación, distribución, etc. 1947? (
Fabricante La editorial)
300 ## - DESCRIPCIÓN FÍSICA
Extensión 358 p. ;
Dimensiones 21 cm.
710 2# - ENTRADA AGREGADA--NOMBRE DE ENTIDAD CORPORATIVA
Nombre de entidad corporativa o nombre de jurisdicción como elemento de entrada Universidad de Zaragoza
9 (RLIN) 7352
852 ## - LOCALIZACIÓN
Ubicación ES-MaACL
Número de control de estantería C-4805
Sublocalización o colección R.25339
Holdings
Estatus retirado Estado de pérdida Estado de daño No para préstamo Biblioteca de origen Biblioteca actual Ubicación en estantería Fecha de adquisición Fuente de adquisición Total de préstamos Signatura topográfica completa Código de barras Visto por última vez Precio de reemplazo Tipo de ítem Koha
        Biblioteca del Ateneo de Madrid Biblioteca del Ateneo de Madrid Sala Palomar 17/01/2008     C-4805 1063852 23/02/2023 23/02/2023 Libro impreso